• 首页
  • 本馆介绍
  • 公告通知
  • 最新文献
  • 馆藏检索
  • 电子资源
  • 读者导购
  • 参考咨询
  • 我的图书馆
  • 登录
  • 详细信息显示
  • 放入我的书架
  • 预约/预借图书
  • 作者相关作品
  • 分类相关作品
  • 丛书相关作品
  • 出版社相关作品

书目信息

  • 表格格式
  • 工作单格式
  • 卡片格式
题名:
热力学
    
 
作者: 沃克 编 ;马元 译
分册: 上册  
出版信息: 北京   人民教育出版社  1981
页数: 509页
开本: 20cm
丛书名:
单 册:
中图分类: O414.1
科图分类:
主题词: 理论物理学
电子资源:
ISBN:
000 00568nam0 2200205 45
001 0312221749
005 20060525093831.28
010    @dCNY2.10
091    @a15012.0374
100    @a20031222d1981 km y0chiy0120 ea
101    @achi
200 1  @a热力学@Are li xue@h上册@f(美)K·沃克编@F(mei)K·wo ke bian@g马元等译@Gma yuan deng yi
210    @a北京@c人民教育出版社@d1981
215    @a509页@d20cm
606 0  @a理论物理学
690    @aO414.1@v3
701 0  @a沃克@Awo ke@4编
702  0 @a马元@Ama yuan@4译
801    @aCN@bTSTCL@c20060525
905    @a213230@dO414.1@e24:1
    
    热力学.上册/(美)K·沃克编/马元等译.-北京:人民教育出版社,1981
    509页;20cm
    
    
    ISBN :CNY2.10
    
●
相关链接 在E读中查询图书 在五车中查询图书 在当当中查询图书 在豆瓣中查询图书


正题名:热力学     索取号:O414.1/24:1         预约/预借

序号 登录号 条形码 馆藏地/架位号 状态 备注
1 0092396   202379602   密集书库/ [索取号:O414.1/24:1] 在馆    
2 0092397   202253220   密集书库/ [索取号:O414.1/24:1] 在馆    
3 0092398   202252819   密集书库/ [索取号:O414.1/24:1] 在馆    
4 0092399   202379568   密集书库/ [索取号:O414.1/24:1] 在馆    
5 0092400   000387806   第二样本阅览室/ [索取号:O414.1/24:1] 在馆    
唐山师范学院图书馆 欢迎您!
大连网信软件有限公司© 版权所有